000 03382nam a22004217a 4500
005 20100913104651.0
010 _aENG-101471 B-428436-446
020 _a9788179102534
_c650.00
035 _aEN-85004
035 _a B-428436-446
037 _bDBAD / PUB
037 _bResearchco Book Centre
082 _a302.2305
245 _aMass communication and society /
_cedited by Sachin Bharti
260 _aJaipur
_bAavishkar Publishers, Distributors
_c2008
270 _a807, Vyas Building, Chaura Rasta,
_bJaipur
_e302003
300 _aviii,186p.
_c23cm (Hb)
500 _aIncludes bibliographical references
650 _aMass media
_xSocial aspects
_932580
650 _aMass media and culture
_932581
650 _aCommunication
_xSocial aspects
_932582
650 _aCommunication and culture
_932583
700 _aSachin Bharti
_919623
942 _2ddc
_cEN
_mMAS
_h302.2305
999 _c45274
_d45274